Catalog

Record Details

Catalog Search



Chiamalo x! ovvero Cosa fanno i matematici?  Cover Image E-book E-book

Chiamalo x! [electronic resource] : ovvero Cosa fanno i matematici? / by Emiliano Cristiani.

Record details

  • ISBN: 9788847010918
  • Physical Description: XIV, 160pagg. online resource.
  • Publisher: Milano : Springer Milan, 2009.
Subject: Science (General).
Mathematics.
Popular Science.
Popular Science in Mathematics/Computer Science/Natural Science/Technology.
Science, general.
Mathematics, general.

Electronic resources


LDR 01510nam a22004215i 4500
00128875
003CONS
00520131220174908.0
007cr nn 008mamaa
008100301s2009 it | s |||| 0|ita d
020 . ‡a9788847010918 ‡9978-88-470-1091-8
0247 . ‡a10.1007/978-88-470-1091-8 ‡2doi
035 . ‡a(DE-He213)978-88-470-1091-8
050 4. ‡aQ162
072 7. ‡aPDZ ‡2bicssc
072 7. ‡aPD ‡2bicssc
072 7. ‡aMAT000000 ‡2bisacsh
072 7. ‡aCOM000000 ‡2bisacsh
1001 . ‡aCristiani, Emiliano. ‡eauthor.
24510. ‡aChiamalo x! ‡h[electronic resource] : ‡bovvero Cosa fanno i matematici? / ‡cby Emiliano Cristiani.
264 1. ‡aMilano : ‡bSpringer Milan, ‡c2009.
300 . ‡aXIV, 160pagg. ‡bonline resource.
336 . ‡atext ‡btxt ‡2rdacontent
337 . ‡acomputer ‡bc ‡2rdamedia
338 . ‡aonline resource ‡bcr ‡2rdacarrier
347 . ‡atext file ‡bPDF ‡2rda
4901 . ‡aI blu, pagine di scienza
650 0. ‡aScience (General).
650 0. ‡aMathematics.
65014. ‡aPopular Science.
65024. ‡aPopular Science in Mathematics/Computer Science/Natural Science/Technology.
65024. ‡aScience, general.
65024. ‡aMathematics, general.
7102 . ‡aSpringerLink (Online service)
7730 . ‡tSpringer eBooks
77608. ‡iPrinted edition: ‡z9788847010901
830 0. ‡aI blu, pagine di scienza
85640. ‡uhttp://biblioteca.ipicyt.edu.mx:2048/login?url=http://dx.doi.org/10.1007/978-88-470-1091-8 ‡yTexto completo ‡9CONS
950 . ‡aHumanities, Social Sciences and Law (Springer-11648)
901 . ‡a28875 ‡b ‡c28875 ‡tbiblio ‡sSystem Local

Additional Resources